000 00994cam a2200349 a 4500
001 00320152
003 OSt
005 20140310181804.0
008 920330s1989 ne ab b 00100 eng
020 _a0705409783
035 _aCUW000237185
049 _aul
050 _aD 201.8
_b.T583 1989
082 0 0 _aREF 909
_bD64 1989
090 _aD201.8.D58
245 0 4 _aThe divine campaigns :
_bAD 1100-1200 /
_cby the editors of Time-Life Books.
260 0 _aAmsterdam :
_bTime-Life Books,
_cc1989.
300 _a176 p. :
_bcol. ill., col. maps ;
_c28 cm.
440 0 _aTime-Life history of the world.
500 _aIncludes Index
504 _aBibliography: p. 170-171.
520 _a1. Civilization, Medieval--12th century.
521 _aBasic Ed. Students
541 _j1
562 _e3
650 0 _aTwelfth century.
710 2 _aTime-Life Books.
910 _aCKC:GS:920330
942 _2lcc
_cBK-GR
_kREF
949 _aul
_b000320152
_tmono
999 _c3727
_d3727